Sports Quiz

Random Sports or Football Quiz
Score 0/20 Timer 04:00
1 Play Today
Starts Player % Correct
47Kurt Warner
87.1%
49Sam Bradford
76.9%
54Jared Goff
72.5%
95Marc Bulger
66.5%
11Nick Foles
46.9%
14Case Keenum
46.6%
5Trent Green
43.3%
8Shaun Hill
29.1%
8Austin Davis
29%
12Kellen Clemens
26.3%
Starts Player % Correct
3Ryan Fitzpatrick
20.7%
1Sean Mannion
16.6%
3Gus Frerotte
14.5%
4Kyle Boller
13.5%
7Jamie Martin
13.1%
3A.J. Feeley
11.3%
2Chris Chandler
9.1%
4Keith Null
9%
1Brock Berlin
7.2%
1Scott Covington
6.1%
Remove Ads.
Support Sporcle.
Get the best of Sporcle when you Go Orange. This ad-free experience offers more features, more stats, and more fun while also helping to support Sporcle. Thank you for becoming a member.

You're not logged in!

Compare scores with friends on all Sporcle quizzes.
OR
Log In

Sporcle TV

Today on Sporcle TV


Watch our educational content, quiz creation guides, and fun videos on Sporcle TV.

Show Comments

Extras

Top Quizzes Today


Score Distribution

Paid Content

Your Account Isn't Verified!

In order to create a playlist on Sporcle, you need to verify the email address you used during registration. Go to your Sporcle Settings to finish the process.

Report this User

Report this user for behavior that violates our Community Guidelines.

Details: